Tovább tart az építőmunkások sztrájkja nem vezettek eredményre a hétfői tárgyalások : az építőmunkások a Dóm-téri építkezésekre felfüggesztették a sztrájkot
Elmentve itt :
| Dokumentumtípus: | Cikk |
|---|---|
| Megjelent: |
1937-07-20
|
| Sorozat: | Délmagyarország
13 No. 163 |
| Kulcsszavak: | Sztrájk Szeged, Építőipar Szeged |
| Online Access: | http://dmarchiv.bibl.u-szeged.hu/60745 |
| LEADER | 00575nab a2200145 i 4500 | ||
|---|---|---|---|
| 001 | delm60745 | ||
| 005 | 20180927144543.0 | ||
| 008 | 180927s1937 hu o 0|| hun d | ||
| 040 | |a SZTE Délmagyarország Archívum |b hun | ||
| 041 | |a hun | ||
| 245 | 0 | 0 | |a Tovább tart az építőmunkások sztrájkja |h [elektronikus dokumentum] : |b nem vezettek eredményre a hétfői tárgyalások : az építőmunkások a Dóm-téri építkezésekre felfüggesztették a sztrájkot |
| 260 | |c 1937-07-20 | ||
| 300 | |a 3 | ||
| 490 | 0 | |a Délmagyarország |v 13 No. 163 | |
| 695 | |a Sztrájk Szeged, Építőipar Szeged | ||